以下哪些贵州城市位于长江流域 - 扫雷 - Statistics

General Stats
  • This quiz has been taken 11 times
  • The average score is 9 of 18
Answers on the Grid
Answers color-coded by a green-red scale on the quiz's grid according to % correct below.
贵阳
六盘水
遵义
安顺
毕节
铜仁
兴义
凯里
都匀
清镇
盘州
赤水
仁怀
黔西
兴仁
福泉
威宁
镇远
思南
黎平
正安
独山
榕江
息烽
 
Answer Stats
Answer % Correct
遵义
90%
铜仁
80%
贵阳
70%
赤水
70%
六盘水
60%
毕节
60%
仁怀
50%
威宁
50%
正安
50%
都匀
40%
清镇
40%
黔西
40%
思南
40%
息烽
40%
凯里
30%
福泉
20%
镇远
20%
黎平
10%
No matching quizzes found
Score Distribution
Percent of People with Each Score
Percentile by Number Answered
Your Score History
You have not taken this quiz